| 000 | 01463cam a22003011i 4500 | ||
|---|---|---|---|
| 003 | SA-RiAUC | ||
| 005 | 20241007143638.0 | ||
| 008 | 241003s1989 su g b 00000bara c | ||
| 040 |
_aSA-RiAUC _bara _cSA-RiAUC _erda |
||
| 082 | 0 | 4 |
_a924.1 _qSA-RiAUC |
| 090 |
_a924.1 _bش ل ب |
||
| 100 | 1 |
_aشلبي، عبد الفتاح إسماعيل _eمؤلف. |
|
| 245 | 1 | 0 |
_aأبو علي الفارسي : _bحياته ومكانته بين أمة التفسير العربية وآثاره في القراءات والنحو / _cتأليف عبد الفتاح إسماعيل شلبي. |
| 250 | _aالطبعة الثالثة. | ||
| 264 | 1 |
_aجدة [السعودية] : _bدار المطبوعات الحديثة، _c1989 |
|
| 300 |
_a732 صفحة ؛ _c24 سم |
||
| 336 |
_aنص _btxt _2rdacontent _3كتاب |
||
| 337 |
_aبدون وسيط _bn _2rdamedia |
||
| 338 |
_aمجلد _bnc _2rdacarrier |
||
| 500 | _aالأصل أطروحة دكتوراه-جامعة القاهرة، كلية دار العلوم، 1957. | ||
| 500 | _aفي أعلى صفحة العنوان : من أعيان الشيعة. | ||
| 504 | _aببليوجرافية : صفحة 693-710. | ||
| 600 | 1 | 7 |
_aأبو علي الفارسي، الحسن بن أحمد بن عبد الغفار، _d288-377 هجري _2aucnm |
| 650 | 7 |
_aالحديث _xتفاسير _2aucsh |
|
| 650 | 7 |
_aاللغويون العرب _vتراجم _2aucsh |
|
| 942 |
_2ddc _cBOOK _n0 |
||
| 949 |
_aSA-JeALM _d241003 _umohamedma123 _n1 |
||
| 999 |
_c982 _d982 |
||